BSOP header

Theological and scientific commentary on Darwin's Origin of species / (Record no. 43536)

MARC details
000 -LEADER
fixed length control field 01400cam a2200313 a 4500
001 - CONTROL NUMBER
control field 15208649
005 - DATE AND TIME OF LATEST TRANSACTION
control field 20180921163234.0
008 - FIXED-LENGTH DATA ELEMENTS--GENERAL INFORMATION
fixed length control field 080306s2008 tnua b 000 0 eng
010 ## - LIBRARY OF CONGRESS CONTROL NUMBER
LC control number 2008010327
020 ## - INTERNATIONAL STANDARD BOOK NUMBER
International Standard Book Number 9780687649396
020 ## - INTERNATIONAL STANDARD BOOK NUMBER
International Standard Book Number 0687649390
035 ## - SYSTEM CONTROL NUMBER
System control number (OCoLC)ocn213495149
035 ## - SYSTEM CONTROL NUMBER
System control number (OCoLC)213495149
100 1# - MAIN ENTRY--PERSONAL NAME
Personal name Peters, Ted,
Dates associated with a name 1941-
245 10 - TITLE STATEMENT
Title Theological and scientific commentary on Darwin's Origin of species /
Statement of responsibility, etc Ted Peters, Martinez Hewlett.
260 ## - PUBLICATION, DISTRIBUTION, ETC. (IMPRINT)
Place of publication, distribution, etc Nashville :
Name of publisher, distributor, etc Abingdon Press,
Date of publication, distribution, etc c2008.
300 ## - PHYSICAL DESCRIPTION
Extent 152 p. :
Other physical details ill. ;
Dimensions 23 cm. +
Accompanying material 1 CD-ROM (4 3/4 in.)
336 ## - CONTENT TYPE
Content Type Term text
337 ## - MEDIA TYPE
Media Type Term unmediate
338 ## - CARRIER TYPE
Carrier Type Term volume
504 ## - BIBLIOGRAPHY, ETC. NOTE
Bibliography, etc Includes bibliographical references (p. 139-152).
505 0# - FORMATTED CONTENTS NOTE
Formatted contents note Origin of species: the science of Darwinian evolution -- Drilling through the layers of ideology -- The many theologies of evolution -- Scientific concepts: then and now -- Design in biology: what Darwin could see and not see -- What does it mean to be human? -- A roadmap through Origin of species.
600 10 - SUBJECT ADDED ENTRY--PERSONAL NAME
Personal name Darwin, Charles,
Dates associated with a name 1809-1882.
Title of a work On the origin of species.
650 #0 - SUBJECT ADDED ENTRY--TOPICAL TERM
Topical term or geographic name as entry element Evolution (Biology)
General subdivision Religious aspects
-- Christianity.
650 #0 - SUBJECT ADDED ENTRY--TOPICAL TERM
Topical term or geographic name as entry element Religion and science.
700 1# - ADDED ENTRY--PERSONAL NAME
Personal name Hewlett, Martinez J.
Fuller form of name (Martinez Joseph),
Dates associated with a name 1942-
856 41 - ELECTRONIC LOCATION AND ACCESS
Materials specified Table of contents only
Uniform Resource Identifier <a href="http://www.loc.gov/catdir/toc/ecip0813/2008010327.html">http://www.loc.gov/catdir/toc/ecip0813/2008010327.html</a>
942 ## - ADDED ENTRY ELEMENTS (KOHA)
Source of classification or shelving scheme Library of Congress Classification
Item type Books
Holdings
Withdrawn status Lost status Source of classification or shelving scheme Damaged status Not for loan Home library Current library Shelving location Date acquired Source of acquisition Inventory number Total Checkouts Full call number Barcode Date last seen Price effective from Koha item type
    Library of Congress Classification     BSOP Library BSOP Library GC 09/21/2018 Theological Book Network 43063   QH365 P44 2008 00054063 09/21/2018 09/21/2018 Books
BSOP

Biblical Seminary of the Philippines
  All rights Reserved
  © 2024

CONTACT INFORMATION

Biblical Seminary of the Philippines,
  77-B Karuhatan Road, Valenzuela City,
  PHILIPPINES 1441
  Phone: +632 8292-6795 / 8292-6798
  Fax : +632 8292-6675
  Email: library@bsop.edu.ph